000 00927nam0a2200277 4500
001 RU\NLR\bibl\1975185
005 20250616210417.0
010 _a978-5-7024-3028-7
021 _aRU
_b2012-89483
_96614
035 _a(NLR Aleph) 001963970
090 _a3863994
_c3863994
100 _a20121205d2012 |||y0rusy50 ca
101 0 _arus
102 _aRU
105 _ay |||||||||
200 1 _aДеловое предложение
_eроман
_fЛеона Шелл
210 _aМосква
_cПанорама
_d[2012]
215 _a189, [1] с.
_d17
225 1 _aПанорама романов о любви
_eпериодический литературно-художественный альманах
_v13-009
686 _aШ6(4Вл)67-440.4{Лх1299-50}
700 1 _aШелл
_bЛ.
_gЛеона
_4070
801 0 _aRU
_bNLR
_c20121205
_gRCR
801 1 _aRU
_bNLR
_c20121205
942 _cBOOK
980 _aNB